Southville International School and Colleges
Your cart is empty.
  • Cart
  • Lists
    Public lists Eva Luna New books Lux_list list_1
    Your lists Log in to create your own lists
  • Log in to your account
  • Your cookies
  • Search history
Southville International School and Colleges
  • Advanced search
  • Recent comments
  • Most popular
  • Libraries

Log in to your account

Log in with GOOGLE


If you do not have an external account, but do have a local account, you can still log in:

  1. Home
  2. MARC view: Paws and claws /
Normal view MARC view ISBD view

Paws and claws / (Record no. 53419)

[ view plain ]
MARC details
000 -LEADER
fixed length control field 00893nam a22003257a 4500
003 - CONTROL NUMBER IDENTIFIER
control field OSt
005 - DATE AND TIME OF LATEST TRANSACTION
control field 20140401085634.0
008 - FIXED-LENGTH DATA ELEMENTS--GENERAL INFORMATION
fixed length control field 140401b xxu||||| |||| 00| 0 eng d
020 ## - INTERNATIONAL STANDARD BOOK NUMBER
International Standard Book Number 0590999168
050 ## - LIBRARY OF CONGRESS CALL NUMBER
Classification number LB 1049.9
Item number .C522s52 1997
100 ## - MAIN ENTRY--PERSONAL NAME
Personal name Cherrington, Janelle.
245 ## - TITLE STATEMENT
Title Paws and claws /
Statement of responsibility, etc Janelle Cherrington ; illustrated by Jean Cassels.
260 ## - PUBLICATION, DISTRIBUTION, ETC. (IMPRINT)
Place of publication, distribution, etc New York :
Name of publisher, distributor, etc Scholastic,
Date of publication, distribution, etc c1997.
300 ## - PHYSICAL DESCRIPTION
Extent 16 p. :
Other physical details col. ill. ;
Dimensions 14 cm.
440 ## - SERIES STATEMENT/ADDED ENTRY--TITLE
Title Scholastic phonics readers
Number of part/section of a work #52
521 ## - TARGET AUDIENCE NOTE
Target audience note
526 ## - STUDY PROGRAM INFORMATION NOTE
Reading level 200
650 ## - SUBJECT ADDED ENTRY--TOPICAL TERM
Topical term or geographic name as entry element Readers (Primary)
650 ## - SUBJECT ADDED ENTRY--TOPICAL TERM
Topical term or geographic name as entry element Reading
Form subdivision Phonetic method.
650 ## - SUBJECT ADDED ENTRY--TOPICAL TERM
Topical term or geographic name as entry element Foot
Form subdivision Juvenile literature.
650 ## - SUBJECT ADDED ENTRY--TOPICAL TERM
Topical term or geographic name as entry element Hand
Form subdivision Juvenile literature.
650 ## - SUBJECT ADDED ENTRY--TOPICAL TERM
Topical term or geographic name as entry element Claws
Form subdivision Juvenile literature.
942 ## - ADDED ENTRY ELEMENTS (KOHA)
Source of classification or shelving scheme Library of Congress Classification
Koha item type Books
Holdings
Withdrawn status Lost status Source of classification or shelving scheme Damaged status Home library Current library Shelving location Date acquired Sub Shelving location Total Checkouts Full call number Barcode Date last seen Copy number Price effective from Koha item type
    Library of Congress Classification   Munich Library Munich Library Scholastic Reading Center Section 04/01/2014     LB 1049.9 .C522s52 1997 SC0365 04/01/2014 1 04/01/2014 Books
    Library of Congress Classification   Munich Library Munich Library Scholastic Reading Center Section 04/01/2014     LB 1049.9 .C522s52 1997 SC0366 04/01/2014 2 04/01/2014 Books
    Library of Congress Classification   Munich Library Munich Library Scholastic Reading Center Section 04/01/2014     LB 1049.9 .C522s52 1997 SC0367 04/01/2014 3 04/01/2014 Books
    Library of Congress Classification   Munich Library Munich Library Scholastic Reading Center Section 04/01/2014     LB 1049.9 .C522s52 1997 SC0368 04/01/2014 4 04/01/2014 Books
    Library of Congress Classification   Munich Library Munich Library Scholastic Reading Center Section 04/01/2014     LB 1049.9 .C522s52 1997 SC0511 04/01/2014 5 04/01/2014 Books
    Library of Congress Classification   Munich Library Munich Library Scholastic Reading Center Section 04/01/2014     LB 1049.9 .C522s52 1997 SC0512 04/01/2014 6 04/01/2014 Books

Paws and claws /

APA

Cherrington J., . (1997). Paws and claws. New York: Scholastic.

Chicago

Cherrington Janelle, . 1997. Paws and claws. New York: Scholastic.

Harvard

Cherrington J., . (1997). Paws and claws. New York: Scholastic.

MLA

Cherrington Janelle, . Paws and claws. New York: Scholastic. 1997.

  • Place hold
  • Print
  • Cite
  • Add to your cart (remove)
  • Save record
    BIBTEX Dublin Core MARCXML MARC (non-Unicode/MARC-8) MARC (Unicode/UTF-8) MARC (Unicode/UTF-8, Standard) MODS (XML) RIS
  • More searches
    Search for this title in:
    Other Libraries (WorldCat) Other Databases (Google Scholar) Online Stores (Bookfinder.com) Open Library (openlibrary.org)

Exporting to Dublin Core...

SOUTHVILLE LIBRARY

Southville International School and Colleges Library

1281 Tropical Ave. Cor. Luxembourg St., BF Homes International, Las Pinas City

Tel. No. 8256374 / 252358 Loc. 117/146

Powered by Koha